Hỏi-đáp về thâm canh hoa màu: Ngô, khoai, sắn

Wedi'i Gadw mewn:
Manylion Llyfryddiaeth
Prif Awdur: Đinh Văn Lữ
Fformat: Llyfr
Iaith:Undetermined
Cyhoeddwyd: Hà Nội Khoa Học 1969
Pynciau:
Tagiau: Ychwanegu Tag
Dim Tagiau, Byddwch y cyntaf i dagio'r cofnod hwn!
Thư viện lưu trữ: Trung tâm Học liệu Trường Đại học Cần Thơ
LEADER 00548nam a2200181Ia 4500
001 CTU_13334
008 210402s9999 xx 000 0 und d
082 |a 635 
082 |b L550 
100 |a Đinh Văn Lữ 
245 0 |a Hỏi-đáp về thâm canh hoa màu: Ngô, khoai, sắn 
245 0 |c Đinh Văn Lữ 
260 |a Hà Nội 
260 |b Khoa Học 
260 |c 1969 
650 |a cassava,corn,sweet potatoes 
904 |i Nguyễn Quang Điền, 960601 
980 |a Trung tâm Học liệu Trường Đại học Cần Thơ